000 00258nam a22001217a 4500
008 181005b xxu||||| |||| 00| 0 eng d
041 _aeng
080 _a541
100 _a12
101 _aKIN
245 _aOrganic Chemistry
_cMcmurrry,J
942 _2udc
_cBK
999 _c48901
_d48901